00366pab a2200121 454500008004000000100002600040245008600066260000900152300001700161650002000178650002000198773002600218180718b2014 xxu||||| |||| 00| 0 eng d aGreer, Scott L. et al aDemocratizing - public services? Representation and elections in the Scottish NHS c2014 ap.1089-1105. aDemocratization aHealth services aPublic Administration